000 01704nam a22003017a 4500
001 1531
003 FISKH
005 20250530114749.0
008 230904b cb ||||| |||| 00| 0 khr d
022 _29789995054724
040 _aFISKH
_beng
_cFISKH
_dFISKH
082 _a363.70525
100 _aSarith, Huot
245 _aស្វែងយល់ពីបរិស្ថានយើង /
_cនិពន្ធដោយ ហួត សារិទ្ធ និង Anne-Laure Poree
250 _aបោះពុម្ពលើកទី ៧ កញ្ញា ២០២១
260 _aPhnom Penh :
_bSipar,
_c2021.
300 _a60 pages :
_bcolor illustrations ;
_c20 cm
490 _aខ្ញុំចង់ដឹង
505 _aZ'
520 _aស្វែងយល់ពីបរិស្ថានរបស់យើង ផ្តល់ព័ត៌មានអំពីបរិស្ថានវិទ្យាជុំវិញ ការបំផ្លិចបំផ្លាញ និងឥទ្ធិពលនៃប្រព័ន្ធអេកូឡូស៊ី ក៏ដូចជាវិធីជួយបរិស្ថានរបស់យើងមកវិញ។​
520 _aDiscover our Environment gives the information about surrounding ecology, ecological destruction and effect as well as the way to help our environment back.
650 _aបរិាស្ថាន
_vការបំផ្លិចបំផ្លាញ
_xការការពារ
650 _aEnvironment
_vDestruction
_xPrevention
700 _aPoree, Anne-Laure
_eAuthor
700 _aRotha, Ouk
_eillustrator
700 _aRonareak, Mao
_eillustrator
942 _2ddc
_cBK
_n0
999 _c1531
_d1531